| 000 | 00407nam a22001817a 4500 | ||
|---|---|---|---|
| 003 | SGT | ||
| 020 | _a9789352705351 | ||
| 082 |
_a617.6342 _bE19G |
||
| 100 | _aGarg, Nisha | ||
| 245 | _aTextbook of Endodontics | ||
| 250 | _a4th | ||
| 260 |
_aNew Delhi, India _bJaypee Brothers _c2019 |
||
| 300 | _a583 | ||
| 650 | _aEndodontics | ||
| 653 | _aEndodontics | ||
| 700 | _aGarg, Amit | ||
| 942 |
_2ddc _cBK _031 |
||
| 999 |
_c22708 _d22708 |
||